[Event "Bouches du Rhone-ch 1617"]
[Site "Vitrolles"]
[Date "2017.03.04"]
[Round "7"]
[White "Urcun, Gael"]
[Black "Girard, Jean Pierre"]
[Result "0-1"]
[WhiteElo "1714"]
[BlackElo "1801"]
[PlyCount "64"]
[EventDate "2016.10.01"]
[EventType "tourn"]
[EventRounds "9"]
[EventCountry "FRA"]
[SourceTitle "EXT 2024"]
[Source "ChessBase"]
[SourceDate "2023.10.10"]
[SourceVersion "1"]
[SourceVersionDate "2023.10.10"]
[SourceQuality "1"]

1. e4 c5 2. Nc3 Nc6 3. g3 g6 4. Bg2 Bg7 5. d3 d6 6. Be3 Rb8 7. Qd2 b5 8. f4 b4 9. Nd1 e6 10. e5 Nge7 11. Nf3 0-0 12. 0-0 Nf5 13. Bf2 Ncd4 14. c3 bxc3 15. bxc3 Nxf3+ 16. Bxf3 Qc7 17. g4 Ne7 18. d4 Ba6 19. Re1 Rfd8 20. Qe3 dxe5 21. dxe5 Rbc8 22. Bh4 Rd3 23. Qe4 c4 24. Be2 Bb7 25. Bxd3 Bxe4 26. Bxe4 Nd5 27. Bg3 Bf8 28. f5 Qa5 29. fxe6 fxe6 30. Rb1 Nxc3 31. Rb7 Nxe4 32. Bh4 Qd5 0-1

[Event "Bouches du Rhone-ch 1617"]
[Site "Vitrolles"]
[Date "2017.02.04"]
[Round "6"]
[White "Anton, Jose"]
[Black "Girard, Jean Pierre"]
[Result "1-0"]
[WhiteElo "1845"]
[BlackElo "1801"]
[PlyCount "69"]
[EventDate "2016.10.01"]
[EventType "tourn"]
[EventRounds "9"]
[EventCountry "FRA"]
[SourceTitle "EXT 2024"]
[Source "ChessBase"]
[SourceDate "2023.10.10"]
[SourceVersion "1"]
[SourceVersionDate "2023.10.10"]
[SourceQuality "1"]

1. e4 c5 2. d4 cxd4 3. c3 Nf6 4. e5 Nd5 5. Nf3 Nc6 6. Bc4 Nb6 7. Bb3 e6 8. 0-0 d6 9. exd6 Bxd6 10. cxd4 0-0 11. Nc3 Be7 12. a3 Bf6 13. Be3 Ne7 14. Ne4 Nbd5 15. Nxf6+ Nxf6 16. Rc1 b6 17. Bg5 Ng6 18. h4 Bb7 19. h5 Ne7 20. Ne5 Nfd5 21. Qd3 f6 22. Bc2 f5 23. Qg3 Nf6 24. Qh4 Qd5 25. Nf3 Rae8 26. Bd3 b5 27. Rc5 Qb3 28. Bxb5 Rc8 29. Bc4 Qb6 30. Rb5 Qc6 31. Rxb7 Qxb7 32. Bxe6+ Kh8 33. Bxc8 Nxc8 34. h6 Nd6 35. hxg7+ 1-0

[Event "Bouches du Rhone-ch 1617"]
[Site "Vitrolles"]
[Date "2016.10.15"]
[Round "2"]
[White "Girard, Jean Pierre"]
[Black "Derige Kane, Yan"]
[Result "0-1"]
[WhiteElo "1801"]
[BlackElo "1953"]
[PlyCount "80"]
[EventDate "2016.10.01"]
[EventType "tourn"]
[EventRounds "9"]
[EventCountry "FRA"]
[SourceTitle "EXT 2024"]
[Source "ChessBase"]
[SourceDate "2023.10.10"]
[SourceVersion "1"]
[SourceVersionDate "2023.10.10"]
[SourceQuality "1"]

1. e4 c6 2. d4 d5 3. Nd2 dxe4 4. Nxe4 Bf5 5. Ng3 Bg6 6. h4 h6 7. Nf3 Nd7 8. h5 Bh7 9. Bd3 Bxd3 10. Qxd3 e6 11. Bd2 Ngf6 12. 0-0-0 Qc7 13. Ne4 Nxe4 14. Qxe4 Nf6 15. Qe2 0-0-0 16. Kb1 Bd6 17. c4 Rhe8 18. Bc3 c5 19. b3 cxd4 20. Nxd4 a6 21. g3 Kb8 22. Bb2 Ka8 23. Nc2 Qa5 24. g4 Bf4 25. Qf3 e5 26. Bc3 Qc7 27. Nb4 e4 28. Qe2 Be5 29. Bxe5 Qxe5 30. Nc2 Qc3 31. Qe3 Rd3 32. Qf4 Red8 33. Rc1 Qa5 34. Rhg1 Rf3 35. Qh2 Rd2 36. Qh4 Rfxf2 37. g5 hxg5 38. Rxg5 Qc3 39. Rg3 Rxc2 40. Rxc3 Rb2+ 0-1

[Event "Bouches du Rhone-ch 1415"]
[Site "Vitrolles"]
[Date "2015.05.16"]
[Round "9"]
[White "Girard, Jean Pierre"]
[Black "Charvein, Gabriel"]
[Result "0-1"]
[WhiteElo "1835"]
[BlackElo "1883"]
[PlyCount "82"]
[EventDate "2014.10.04"]
[EventType "tourn"]
[EventRounds "9"]
[EventCountry "FRA"]
[SourceTitle "EXT 2016"]
[Source "ChessBase"]
[SourceDate "2015.10.08"]
[SourceVersion "1"]
[SourceVersionDate "2015.10.08"]
[SourceQuality "1"]

1. e4 e5 2. Nf3 Nc6 3. Bb5 a6 4. Ba4 Nf6 5. 0-0 Be7 6. Re1 b5 7. Bb3 0-0 8. a4 Bb7 9. d3 d6 10. a5 Nd7 11. c3 Re8 12. Nbd2 Bf8 13. Nf1 h6 14. Ng3 g6 15. Be3 Nc5 16. Bc2 d5 17. exd5 Qxd5 18. b4 Ne6 19. Ne4 Qd8 20. Bb3 Kh7 21. Qd2 f5 22. Nc5 Nxc5 23. Bxc5 Bxc5 24. bxc5 Qf6 25. Bc2 Rad8 26. Qe3 f4 27. Qc1 Nb8 28. d4 Bxf3 29. gxf3 exd4 30. cxd4 Qxd4 31. Qb1 Rxe1+ 32. Qxe1 Qxc5 33. Bxg6+ Kxg6 34. Qe6+ Kg7 35. Kh1 Rd5 36. Qg4+ Rg5 37. Qxf4 Qe5 38. Qc1 Nd7 39. Ra3 Qd6 40. Re3 Re5 41. Qb2 Qf6 0-1

[Event "Bouches du Rhone-ch 1415"]
[Site "Vitrolles"]
[Date "2014.11.08"]
[Round "2"]
[White "Baroyan, Davit"]
[Black "Girard, Jean Pierre"]
[Result "1-0"]
[WhiteElo "1734"]
[BlackElo "1841"]
[PlyCount "97"]
[EventDate "2014.10.04"]
[EventType "tourn"]
[EventRounds "9"]
[EventCountry "FRA"]
[SourceTitle "EXT 2016"]
[Source "ChessBase"]
[SourceDate "2015.10.08"]
[SourceVersion "1"]
[SourceVersionDate "2015.10.08"]
[SourceQuality "1"]

1. d4 Nf6 2. c4 e6 3. Nc3 Bb4 4. Qc2 c5 5. e3 Nc6 6. Nf3 d6 7. Bd3 e5 8. dxe5 dxe5 9. Ng5 Ne7 10. 0-0 h6 11. Nge4 Nxe4 12. Bxe4 0-0 13. Rd1 Qb6 14. Nd5 Nxd5 15. Bxd5 Bg4 16. f3 Be6 17. b3 Bxd5 18. Rxd5 Rad8 19. e4 f5 20. Bb2 Rxd5 21. exd5 Qd6 22. Qe2 Re8 23. f4 e4 24. Be5 Rxe5 25. fxe5 Qxe5 26. Rd1 Bc3 27. g3 Bd4+ 28. Kg2 g5 29. Re1 Kg7 30. Qc2 b5 31. Qe2 b4 32. Qc2 h5 33. Qe2 g4 34. Qd2 e3 35. Qd3 h4 36. Rf1 h3+ 37. Kh1 Kg6 38. Re1 Kg5 39. Rf1 Bc3 40. Qe2 Qe4+ 41. Kg1 Be5 42. Re1 Bc3 43. Rc1 Be5 44. Re1 Kf6 45. Rd1 Qf3 46. Re1 Bc3 47. Qxf3 gxf3 48. Rxe3 Bd4 49. Kf2 1-0

[Event "Bouches du Rhone-ch 1314"]
[Site "Vitrolles"]
[Date "2014.03.15"]
[Round "7"]
[White "Girard, Jean Pierre"]
[Black "Israel, Daniel"]
[Result "1-0"]
[WhiteElo "1872"]
[BlackElo "1828"]
[PlyCount "33"]
[EventDate "2013.10.05"]
[EventType "tourn"]
[EventRounds "7"]
[EventCountry "FRA"]
[SourceTitle "EXT 2015"]
[Source "ChessBase"]
[SourceDate "2014.11.20"]
[SourceVersion "1"]
[SourceVersionDate "2014.11.20"]
[SourceQuality "1"]

1. e4 c5 2. Nf3 d6 3. d4 cxd4 4. Nxd4 Nc6 5. Nc3 Nf6 6. Be2 g6 7. 0-0 Bg7 8. Nb3 0-0 9. Kh1 a6 10. Bg5 b5 11. a3 Bb7 12. f4 Qc7 13. Bf3 e6 14. Qe1 Rad8 15. Qh4 Qe7 16. e5 dxe5 17. Ne4 1-0

[Event "Bouches du Rhone-ch 1314"]
[Site "Vitrolles"]
[Date "2013.11.10"]
[Round "2"]
[White "Girard, Jean Pierre"]
[Black "Anton, Jose"]
[Result "1/2-1/2"]
[WhiteElo "1841"]
[BlackElo "1846"]
[PlyCount "84"]
[EventDate "2013.10.05"]
[EventType "tourn"]
[EventRounds "7"]
[EventCountry "FRA"]
[SourceTitle "EXT 2015"]
[Source "ChessBase"]
[SourceDate "2014.11.20"]
[SourceVersion "1"]
[SourceVersionDate "2014.11.20"]
[SourceQuality "1"]

1. e4 e5 2. Nf3 Nc6 3. Bb5 Bc5 4. 0-0 Nd4 5. Nxd4 Bxd4 6. c3 Bb6 7. d4 c6 8. Ba4 d6 9. d5 Bd7 10. dxc6 Bxc6 11. Bxc6+ bxc6 12. Na3 Nf6 13. Bg5 h6 14. Bh4 g5 15. Bg3 Nxe4 16. Qa4 Nxg3 17. Qxc6+ Ke7 18. hxg3 Qc8 19. Qd5 Qe6 20. Rad1 Rac8 21. Rfe1 Qxd5 22. Rxd5 Rc5 23. Rxc5 Bxc5 24. Nc4 Rc8 25. b3 Ke6 26. g4 f6 27. Kf1 d5 28. Ne3 Bb6 29. c4 Bxe3 30. cxd5+ Kxd5 31. Rxe3 Kd4 32. Rf3 Rc6 33. Rh3 a5 34. Rxh6 Kd3 35. g3 Kc3 36. Rh8 Kb2 37. Rd8 Kxa2 38. Rd5 Kxb3 39. Rxa5 Kc3 40. Rd5 Kc4 41. Rd8 Ra6 42. Ke2 Kc5 1/2-1/2

[Event "Marseille op 4th"]
[Site "Marseille"]
[Date "2011.12.27"]
[Round "4"]
[White "Girard, Jean Pierre"]
[Black "Derige Kane, Yan"]
[Result "1/2-1/2"]
[WhiteElo "1876"]
[BlackElo "1580"]
[PlyCount "128"]
[EventDate "2011.12.26"]
[EventType "swiss"]
[EventRounds "9"]
[EventCountry "FRA"]
[SourceTitle "CBM 146 Extra"]
[Source "ChessBase"]
[SourceDate "2012.02.29"]
[SourceVersion "1"]
[SourceVersionDate "2012.02.29"]
[SourceQuality "1"]

1. e4 e5 2. Nf3 Nc6 3. Bb5 a6 4. Ba4 Nf6 5. 0-0 Be7 6. Re1 b5 7. Bb3 0-0 8. c3 d5 9. exd5 Nxd5 10. Nxe5 Nxe5 11. Rxe5 c6 12. d4 Bd6 13. Re1 Qh4 14. g3 Qh3 15. Be3 Bg4 16. Qd3 Rfe8 17. Nd2 Re6 18. Qf1 Qh5 19. Bxd5 cxd5 20. f4 Rae8 21. Qf2 Qf5 22. Nf1 Bh3 23. Bd2 Qd3 24. Ne3 a5 25. Nxd5 Re2 26. Rxe2 Rxe2 27. Re1 Rxe1+ 28. Qxe1 h6 29. Kf2 Bg4 30. Ne3 Be6 31. Qe2 Qb1 32. d5 Bd7 33. Ng4 Qxa2 34. Ne5 Bf5 35. Qxb5 f6 36. Nf3 Kh7 37. Qb6 Qxd5 38. Be3 Bg4 39. Ne1 Qd1 40. Qb5 a4 41. Qd3+ Qxd3 42. Nxd3 a3 43. bxa3 Bxa3 44. Bd4 Bf5 45. Nc5 Bxc5 46. Bxc5 Kg8 47. Ke3 Kf7 48. Kd4 Be6 49. Bd6 g6 50. c4 Ke8 51. Kc5 Kd7 52. Bf8 h5 53. Bg7 f5 54. Kd4 Kd6 55. Bf8+ Kc6 56. c5 Bb3 57. Ke5 Bd1 58. Kf6 Bg4 59. Kxg6 Kd5 60. Kg5 Kc6 61. h3 Bxh3 62. Kxh5 Bg4+ 63. Kg6 Bh3 64. Kf6 Bg4 1/2-1/2

[Event "Vitrolles"]
[Site "Vitrolles"]
[Date "2010.12.04"]
[Round "3"]
[White "Girard, Jean Pierre"]
[Black "Fayette, Sylvain"]
[Result "1/2-1/2"]
[WhiteElo "1894"]
[BlackElo "1983"]
[PlyCount "98"]
[EventDate "2010.10.09"]
[EventType "tourn"]
[EventRounds "9"]
[EventCountry "FRA"]
[SourceTitle "EXT 2012"]
[Source "ChessBase"]
[SourceDate "2011.11.24"]
[SourceVersion "1"]
[SourceVersionDate "2011.11.24"]
[SourceQuality "1"]

1. e4 c5 2. Nf3 e6 3. d4 cxd4 4. Nxd4 Nf6 5. Nc3 Nc6 6. Ndb5 d6 7. Bf4 e5 8. Bg5 a6 9. Na3 b5 10. Bxf6 gxf6 11. Nd5 f5 12. exf5 Nd4 13. c3 Bb7 14. Ne3 Bh6 15. Qh5 Bxe3 16. fxe3 b4 17. exd4 bxa3 18. Bc4 Qf6 19. 0-0-0 Rg8 20. dxe5 axb2+ 21. Kxb2 Rxg2+ 22. Ka1 dxe5 23. Rhe1 e4 24. Rd4 Rd8 25. Bxf7+ Ke7 26. Red1 Rxd4 27. Rxd4 Rg5 28. Qd1 Kxf7 29. Qb3+ Kg7 30. Qxb7+ Kh6 31. Qxe4 Rxf5 32. Qh4+ Qxh4 33. Rxh4+ Kg6 34. Rh3 h5 35. Kb2 Kf6 36. a4 Ke5 37. Rh4 Kd5 38. Kb3 a5 39. Rd4+ Kc5 40. Rc4+ Kb6 41. Re4 Rf2 42. h4 Rf5 43. Kc4 Kc6 44. Re6+ Kb7 45. Re4 Kc6 46. Kd4 Kd6 47. Ke3 Rc5 48. Kd3 Rf5 49. Kc4 Kc6 1/2-1/2

[Event "Salon de Provence op 4th"]
[Site "Salon de Provence"]
[Date "2009.04.27"]
[Round "5"]
[White "Pasquali, Dominique"]
[Black "Girard, Jean Pierre"]
[Result "1/2-1/2"]
[WhiteElo "1890"]
[BlackElo "1944"]
[PlyCount "81"]
[EventDate "2009.04.24"]
[EventType "swiss"]
[EventRounds "7"]
[EventCountry "FRA"]
[SourceTitle "EXT 2010"]
[Source "ChessBase"]
[SourceDate "2010.11.25"]
[SourceVersion "1"]
[SourceVersionDate "2010.11.25"]
[SourceQuality "1"]

1. d4 Nf6 2. Nf3 b6 3. g3 Bb7 4. Bg2 e6 5. c4 Bb4+ 6. Bd2 Be7 7. Nc3 d6 8. Qc2 c5 9. dxc5 bxc5 10. Rd1 Nc6 11. 0-0 0-0 12. Bf4 Nh5 13. Bxd6 Bxd6 14. Nb5 Qe7 15. Nxd6 Nb4 16. Qb1 Bxf3 17. Bxf3 Rad8 18. Bxh5 Rxd6 19. Rxd6 Qxd6 20. Rd1 Qa6 21. a3 Nc6 22. Rd6 Qc8 23. e3 g6 24. Be2 f5 25. Rd2 Rd8 26. Qd1 Kf8 27. Rxd8+ Qxd8 28. Qxd8+ Nxd8 29. b4 cxb4 30. axb4 Ke7 31. Bf3 Nf7 32. c5 Ne5 33. Be2 Nc6 34. b5 Na5 35. f4 Kd7 36. Kf2 Nb3 37. c6+ Kd6 38. Bc4 Nd2 39. Bd3 Nb3 40. Bc4 Nd2 41. Bd3 1/2-1/2

[Event "Cap d'Agde Cavalier op"]
[Site "Cap d'Agde"]
[Date "2008.10.29"]
[Round "5"]
[White "Mora, Pascal"]
[Black "Girard, Jean Pierre"]
[Result "1-0"]
[WhiteElo "2096"]
[BlackElo "1940"]
[PlyCount "67"]
[EventDate "2008.10.25"]
[EventType "swiss"]
[EventRounds "9"]
[EventCountry "FRA"]
[SourceTitle "EXT 2010"]
[Source "ChessBase"]
[SourceDate "2010.11.25"]
[SourceVersion "1"]
[SourceVersionDate "2010.11.25"]
[SourceQuality "1"]

1. e4 c5 2. Nf3 d6 3. d4 cxd4 4. Nxd4 Nf6 5. Nc3 a6 6. a4 e6 7. Bd3 Be7 8. 0-0 Qc7 9. Be3 b6 10. f4 Nbd7 11. f5 Ne5 12. Qe2 0-0 13. h3 Nxd3 14. cxd3 Bd7 15. g4 d5 16. Qg2 e5 17. g5 exd4 18. gxf6 Bxf6 19. Nxd5 Qd6 20. Bf4 Be5 21. f6 g6 22. Qg5 Bxf4 23. Rxf4 Rfe8 24. Ne7+ Rxe7 25. fxe7 Re8 26. h4 Qxe7 27. Qd5 Be6 28. Qxd4 Rd8 29. Qe3 Qb4 30. Rf2 Qb3 31. Rd2 f5 32. h5 fxe4 33. hxg6 hxg6 34. Qg5 1-0

[Event "Bouches du Rhone op 0607"]
[Site "Bouches du Rhone"]
[Date "2007.01.13"]
[Round "4"]
[White "Mazeau, Geoffroy"]
[Black "Girard, Jean Pierre"]
[Result "1-0"]
[WhiteElo "1837"]
[BlackElo "1973"]
[PlyCount "87"]
[EventDate "2006.10.21"]
[EventType "swiss"]
[EventRounds "9"]
[EventCountry "FRA"]
[SourceTitle "EXT 2008"]
[Source "ChessBase"]
[SourceDate "2007.11.25"]
[SourceVersion "1"]
[SourceVersionDate "2007.11.25"]
[SourceQuality "1"]

1. f4 c5 2. Nf3 d6 3. b3 Nc6 4. Bb2 e6 5. e3 Nf6 6. c4 Be7 7. Be2 b6 8. 0-0 Bb7 9. Qe1 Qc7 10. Nc3 a6 11. Qg3 0-0-0 12. Ng5 Rdf8 13. a3 h6 14. Nh3 Kb8 15. Nf2 g5 16. f5 h5 17. Nfe4 h4 18. Qe1 Nxe4 19. Nxe4 Ne5 20. Bxe5 dxe5 21. Nc3 g4 22. Bxg4 Rfg8 23. h3 Rxg4 24. hxg4 h3 25. e4 Qd8 26. Rd1 hxg2 27. Kxg2 Qg8 28. f6 Bf8 29. Qg3 Bh6 30. Rh1 Bf4 31. Rxh8 Qxh8 32. Qh3 Qxf6 33. Rf1 Qg7 34. d3 f5 35. Kf3 Qd7 36. gxf5 Qd4 37. f6 Qxc3 38. f7 Qxd3+ 39. Kg4 Qd8 40. Rxf4 exf4 41. Qh6 Qd1+ 42. Kg5 Qg1+ 43. Kf6 Qd4+ 44. Ke7 1-0

[Event "Vitrolles Majeur op 0405"]
[Site "Vitrolles"]
[Date "2005.04.09"]
[Round "9"]
[White "Parroco, Pierre Jean"]
[Black "Girard, Jean Pierre"]
[Result "0-1"]
[WhiteElo "1710"]
[BlackElo "1955"]
[PlyCount "68"]
[EventDate "2004.10.16"]
[EventType "swiss"]
[EventRounds "9"]
[EventCountry "FRA"]
[SourceTitle "EXT 2008"]
[Source "ChessBase"]
[SourceDate "2007.11.25"]
[SourceVersion "1"]
[SourceVersionDate "2007.11.25"]
[SourceQuality "1"]

1. e4 c5 2. Nc3 Nc6 3. g3 g6 4. Bg2 Bg7 5. d3 d6 6. Be3 e6 7. f4 Nge7 8. Nge2 b6 9. 0-0 Qd7 10. d4 0-0 11. Qd2 cxd4 12. Nxd4 Na5 13. b3 Ba6 14. Rf2 Rac8 15. Rd1 Nb7 16. Bf1 Bxf1 17. Rdxf1 a6 18. f5 exf5 19. exf5 gxf5 20. Nce2 Nc5 21. Qc1 Nd3 22. Qd2 Nxf2 23. Rxf2 Rfe8 24. Bh6 Rc5 25. Bxg7 Kxg7 26. Qg5+ Ng6 27. Nf4 Re1+ 28. Kg2 Qe7 29. Nxf5+ Rxf5 30. Nh5+ Kf8 31. Qxf5 Qb7+ 32. Qf3 Qxf3+ 33. Kxf3 Re5 34. Rd2 Rxh5 0-1

[Event "Vitrolles Majeur op 0405"]
[Site "Vitrolles"]
[Date "2005.03.05"]
[Round "7"]
[White "Battaglia, Gerard"]
[Black "Girard, Jean Pierre"]
[Result "1-0"]
[WhiteElo "1980"]
[BlackElo "1955"]
[PlyCount "67"]
[EventDate "2004.10.16"]
[EventType "swiss"]
[EventRounds "9"]
[EventCountry "FRA"]
[SourceTitle "EXT 2008"]
[Source "ChessBase"]
[SourceDate "2007.11.25"]
[SourceVersion "1"]
[SourceVersionDate "2007.11.25"]
[SourceQuality "1"]

1. d4 Nf6 2. c4 b6 3. Nc3 Bb7 4. Nf3 e6 5. a3 Be7 6. d5 0-0 7. e4 exd5 8. cxd5 d6 9. Bc4 c5 10. 0-0 a6 11. a4 Nbd7 12. Re1 Re8 13. Nd2 Ne5 14. Be2 Ng6 15. Nc4 h6 16. f4 b5 17. axb5 axb5 18. Rxa8 Bxa8 19. Nxd6 Bxd6 20. Bxb5 Re7 21. e5 Nxe5 22. fxe5 Bxe5 23. Kh1 Bd4 24. Rxe7 Qxe7 25. Bc6 Ng4 26. Qe2 Nf2+ 27. Kg1 Ng4+ 28. Kh1 Nf2+ 29. Kg1 Nh3+ 30. Kf1 Qf6+ 31. Qf3 Bxc3 32. bxc3 Bxc6 33. dxc6 Qd6 34. gxh3 1-0

[Event "Provence-ch"]
[Site "Provence"]
[Date "2002.??.??"]
[Round "1"]
[White "Busson, Benoist"]
[Black "Girard, Jean Pierre"]
[Result "1/2-1/2"]
[WhiteElo "2150"]
[BlackElo "2105"]
[PlyCount "135"]
[EventDate "2001.09.08"]
[EventType "tourn"]
[EventRounds "9"]
[EventCountry "FRA"]
[SourceTitle "EXT 2005"]
[Source "ChessBase"]
[SourceDate "2004.11.15"]
[SourceVersion "1"]
[SourceVersionDate "2004.11.15"]
[SourceQuality "1"]

1. d4 Nf6 2. Nc3 c5 3. d5 g6 4. e4 d6 5. f4 Nbd7 6. Nf3 Bg7 7. e5 dxe5 8. fxe5 Ng4 9. e6 fxe6 10. dxe6 Nde5 11. Bb5+ Nc6 12. Qxd8+ Kxd8 13. Bxc6 bxc6 14. h3 Ne5 15. Ng5 h6 16. Nf7+ Nxf7 17. exf7 Bf5 18. Be3 Bd4 19. Bxh6 Kc7 20. f8Q Raxf8 21. Bxf8 Rxf8 22. Rf1 Rb8 23. 0-0-0 Be3+ 24. Kb1 Bd4 25. Rf3 e5 26. g4 e4 27. Rg3 Be6 28. Rxd4 cxd4 29. Nxe4 Rf8 30. b3 Rf1+ 31. Kb2 Bd5 32. Nc5 Kd6 33. Nd3 g5 34. h4 gxh4 35. Rh3 Be4 36. Rxh4 Bxd3 37. cxd3 Rf2+ 38. Ka3 Kc5 39. Rh5+ Kb6 40. Rh3 Rg2 41. Rh4 Rg3 42. g5 Rxg5 43. Rxd4 Rh5 44. b4 Rh1 45. Kb2 Rh7 46. a4 a5 47. Kb3 Rh1 48. bxa5+ Kxa5 49. Rd8 Rb1+ 50. Kc4 Rc1+ 51. Kb3 Rb1+ 52. Ka2 Rd1 53. Rd4 Rc1 54. Kb2 Rc5 55. Kb3 Rh5 56. Rc4 Rd5 57. d4 Kb6 58. Kc3 Rh5 59. Kb4 Rd5 60. Kc3 Rh5 61. Rb4+ Ka5 62. Kc4 Ka6 63. Rb1 Ra5 64. Kb4 Rd5 65. Kc4 Ra5 66. Kb4 Rd5 67. Rd1 c5+ 68. Kc4 1/2-1/2

[Event "Provence-ch"]
[Site "Provence"]
[Date "2002.??.??"]
[Round "2"]
[White "Girard, Jean Pierre"]
[Black "Ferrero, Patrick"]
[Result "0-1"]
[WhiteElo "2105"]
[BlackElo "2035"]
[PlyCount "100"]
[EventDate "2001.09.08"]
[EventType "tourn"]
[EventRounds "9"]
[EventCountry "FRA"]
[SourceTitle "EXT 2005"]
[Source "ChessBase"]
[SourceDate "2004.11.15"]
[SourceVersion "1"]
[SourceVersionDate "2004.11.15"]
[SourceQuality "1"]

1. e4 g6 2. d4 Bg7 3. Nf3 d6 4. Nc3 Nc6 5. d5 Ne5 6. Nxe5 Bxe5 7. f4 Bg7 8. Be2 c6 9. 0-0 cxd5 10. Nxd5 Nf6 11. Nxf6+ Bxf6 12. c3 Qb6+ 13. Kh1 0-0 14. Qe1 Bd7 15. a4 a5 16. Qg3 Bc6 17. Bd3 Qc7 18. f5 Be5 19. Bf4 Qd7 20. Bc2 Bg7 21. Qh4 b5 22. Rf3 Qb7 23. Rh3 h5 24. fxg6 fxg6 25. Bb3+ Kh7 26. Qg5 Rf6 27. Bd5 Raf8 28. Rg3 e5 29. Be3 Bxd5 30. exd5 Qxd5 31. h3 bxa4 32. Kh2 Qe4 33. Rd1 Qf5 34. Qh4 Re6 35. Qxa4 e4 36. Bd4 Bxd4 37. Qxd4 e3 38. Rxe3 Rxe3 39. Qxe3 d5 40. Qa7+ Kh6 41. Qxa5 Qe5+ 42. Kh1 Rf5 43. Qd8 Rf2 44. Qxd5 Rf1+ 45. Rxf1 Qxd5 46. Rf3 Qb3 47. Rf2 Kg5 48. g3 h4 49. g4 Qd5+ 50. Kg1 Qd3 0-1